[Event "AUTO-MASTER-2124"]
[Site "http://www.queenalice.com/game.php?id=1295763"]
[Date "2014.7.19"]
[Round "1"]
[White "leoarthur"]
[Black "MarceloPadre"]
[Result "0-1"]
[WhiteElo "2186"]
[BlackElo "2049"]

1. e4 c6 2. d4 d5 3. e5 Bf5 4. g4 Be4 5. f3 Bg6 6. Ne2 e6 7. h4 f6 8. Nf4 Bf7 9.
Qe2 Nd7 10. Nd3 Be7 11. Bf4 Qb6 12. c3 c5 13. Nxc5 Nxc5 14. dxc5 Bxc5 15. Qb5+
Ke7 16. Qxb6 Bxb6 17. Nd2 h5 18. g5 f5 19. Nb3 g6 20. O-O-O Be8 21. Bd3 Bc6 22.
Nd4 Kd7 23. Be3 Ne7 24. f4 Rhc8 25. Rhe1 Rc7 26. Kb1 Rac8 27. Nb5 Bxb5 28. Bxb5+
Kd8 29. Bxb6 axb6 30. c4 Ra8 31. cxd5 Nxd5 32. Rd4 Rac8 33. Be2 Ke8 34. Bf3 Ne3
35. Rd6 Ke7 36. Rxb6 Nc4 37. Rxb7 Nd2+ 38. Ka1 Nxf3 39. Rxc7+ Rxc7 40. Rd1 Nxh4
41. b3 Ng2 42. Kb2 Nxf4 43. a4 Rd7 44. Ra1 Nd3+ 45. Kc3 Nxe5 46. a5 Nc6 47. a6
e5 48. b4 Na7 49. Kc4 Rd8 50. Kc5 Rb8 51. Rb1 Rb5+ 52. Kc4 f4 53. Rd1 e4 54. Rf1
f3 55. Re1 Re5 56. Kd4 Nc6+ 57. Ke3 Na7 58. Rc1 Kd6 59. Rc2 Nb5 60. Rc4 h4 61.
Rc8 Rxg5 62. Rb8 Kc6 63. Rc8+ Kb6 64. Rc1 Kxa6 65. Rh1 Rg4 66. Rh2 g5 67. Rh1
Nc3 68. Kf2 Rg2+ 69. Ke1 e3 0-1

[Event "AUTO-MASTER-2124"]
[Site "http://www.queenalice.com/game.php?id=1295774"]
[Date "2014.7.19"]
[Round "1"]
[White "kasparinov"]
[Black "leoarthur"]
[Result "0-1"]
[WhiteElo "2040"]
[BlackElo "2184"]

1. e4 e5 2. Nf3 Nc6 3. Bc4 Nf6 4. d3 Be7 5. O-O d6 6. c3 Bg4 7. Bg5 h6 8. Bxf6
gxf6 9. Nbd2 Qd7 10. Qb3 O-O-O 11. Bxf7 Kb8 12. Bd5 Rdf8 13. Nh4 Bh5 14. Nf5 Nd8
15. a4 c6 16. Bc4 d5 0-1

[Event "AUTO-MASTER-2124"]
[Site "http://www.queenalice.com/game.php?id=1295775"]
[Date "2014.7.19"]
[Round "1"]
[White "leoarthur"]
[Black "kasparinov"]
[Result "0-1"]
[WhiteElo "2182"]
[BlackElo "2026"]

1. e4 Nf6 2. e5 Nd5 3. c4 Nb6 4. c5 Nd5 5. Bc4 c6 6. d4 d6 7. cxd6 exd6 8. Bxd5
cxd5 9. Nf3 Nc6 10. O-O Be7 11. Be3 O-O 12. h3 h6 13. Nc3 Be6 14. Bf4 a6 15. a3
b5 16. b4 Rc8 17. Rc1 Rc7 18. Bg3 Qd7 19. Re1 Rfc8 20. Qb3 dxe5 21. Nxe5 Nxe5
22. Bxe5 Rc4 23. Ne2 Bf5 24. Qg3 Bg6 25. h4 Qf5 26. Nc3 Bxh4 0-1

[Event "AUTO-MASTER-2124"]
[Site "http://www.queenalice.com/game.php?id=1295780"]
[Date "2014.7.19"]
[Round "1"]
[White "monok"]
[Black "leoarthur"]
[Result "0-1"]
[WhiteElo "1768"]
[BlackElo "2192"]

1. d4 d5 2. c4 e6 3. Nc3 Nf6 4. Bg5 Nbd7 5. e3 h6 6. Bh4 Be7 7. Bd3 dxc4 8. Bxc4
O-O 9. Nf3 b6 10. O-O Bb7 11. Rc1 Rc8 12. Qe2 Ba8 13. Rfd1 Nh7 14. Bxe7 Qxe7 15.
d5 Ng5 16. Nxg5 Qxg5 17. Ne4 Qe7 18. dxe6 fxe6 19. Qg4 Rfe8 20. Ng3 Ne5 21. Qd4
Nxc4 22. Qxc4 c5 23. Rd2 Qb7 24. e4 b5 25. Qe2 c4 0-1

[Event "AUTO-MASTER-2124"]
[Site "http://www.queenalice.com/game.php?id=1295781"]
[Date "2014.7.19"]
[Round "1"]
[White "leoarthur"]
[Black "monok"]
[Result "1-0"]
[WhiteElo "2193"]
[BlackElo "1766"]

1. e4 c5 2. Nf3 e6 3. c3 d5 4. exd5 exd5 5. d4 Nf6 6. dxc5 Bxc5 7. Bd3 O-O 8.
O-O Nc6 9. b4 Bd6 10. Bg5 Be6 11. Nbd2 Rc8 12. Nb3 Ne5 13. Rc1 h6 14. Bh4 Bg4
15. Be2 Ng6 16. Bxf6 Qxf6 17. Nbd4 Bxf3 18. Bxf3 Nh4 19. g3 Nxf3+ 20. Qxf3 Qxf3
21. Nxf3 Rfd8 22. Rfe1 Kf8 23. a4 f6 24. Red1 Bb8 25. Nd4 1-0

[Event "AUTO-MASTER-2226"]
[Site "http://www.queenalice.com/game.php?id=1333715"]
[Date "2015.1.8"]
[Round "1"]
[White "clovis"]
[Black "leoarthur"]
[Result "0-1"]
[WhiteElo "2067"]
[BlackElo "2171"]

1. e4 e5 2. Bc4 Nf6 3. Nc3 Nxe4 4. Qh5 Nd6 5. Bb3 Be7 6. Nb5 O-O 7. Nxd6 Bxd6 8.
Nf3 Qf6 9. d3 Nc6 10. Be3 Nd4 11. Bxd4 exd4 12. O-O-O a5 13. a3 a4 14. Ba2 c6
15. Rde1 b5 16. Re4 c5 17. Rhe1 Bb7 18. Ng5 Bxe4 19. Rxe4 Bf4+ 20. Rxf4 Qxf4+
21. Kd1 Qf5 22. Bd5 h6 23. h4 Qxd5 0-1

[Event "AUTO-MASTER-2226"]
[Site "http://www.queenalice.com/game.php?id=1333716"]
[Date "2015.1.8"]
[Round "1"]
[White "leoarthur"]
[Black "clovis"]
[Result "1-0"]
[WhiteElo "2160"]
[BlackElo "2111"]

1. e4 e5 2. Nf3 Nc6 3. Bc4 Nf6 4. d4 Nxd4 5. Bxf7+ Kxf7 6. Nxe5+ Kg8 7. Qxd4 Qe7
8. Nc3 Qc5 9. Be3 Qxd4 10. Bxd4 d6 11. Nd3 Bd7 12. O-O Be7 13. f4 Bc6 14. Nb4
Nxe4 15. Nxc6 Nxc3 16. Nxe7+ Kf7 17. Bxc3 1-0

[Event "AUTO-MASTER-2226"]
[Site "http://www.queenalice.com/game.php?id=1333734"]
[Date "2015.1.8"]
[Round "1"]
[White "valdiluis"]
[Black "leoarthur"]
[Result "0-1"]
[WhiteElo "1981"]
[BlackElo "2180"]

1. d4 d5 2. c4 e6 3. e3 Nf6 4. Nf3 Be7 5. Bd3 dxc4 6. Bxc4 O-O 7. O-O b6 8. Nc3
Bb7 9. Bd3 c5 10. Qc2 Bxf3 11. gxf3 cxd4 12. exd4 Qxd4 13. Be3 Qh4 14. Ne2 Nbd7
15. Ng3 Rac8 16. Qe2 Nc5 17. Rac1 Nd5 18. Rc4 Qf6 19. Bxc5 Rxc5 20. Kh1 Rd8 21.
Ne4 Qh6 22. Nxc5 Bd6 23. f4 Bxf4 24. f3 bxc5 25. Rxc5 g6 26. Be4 Nb4 27. Rf2 Be3
28. Rc7 Bxf2 29. Qxf2 Rd1+ 30. Kg2 Rd2 0-1

[Event "AUTO-MASTER-2226"]
[Site "http://www.queenalice.com/game.php?id=1333735"]
[Date "2015.1.8"]
[Round "1"]
[White "leoarthur"]
[Black "mandaragit"]
[Result "1-0"]
[WhiteElo "2170"]
[BlackElo "2312"]

1. e4 e6 2. d4 d5 3. Nd2 Nf6 4. e5 Nfd7 5. f4 c5 6. c3 b6 7. Ndf3 Ba6 8. Bd3
Bxd3 9. Qxd3 c4 10. Qc2 g6 11. Ne2 Nc6 12. O-O b5 13. a3 Nb6 14. Kh1 h5 15. Neg1
a5 16. Ng5 Be7 17. N1f3 b4 18. axb4 axb4 19. Be3 b3 20. Qf2 Kf8 21. Nh4 Kg7 22.
Nxg6 Kxg6 23. f5+ 1-0

[Event "AUTO-MASTER-2226"]
[Site "http://www.queenalice.com/game.php?id=1333736"]
[Date "2015.1.8"]
[Round "1"]
[White "mandaragit"]
[Black "leoarthur"]
[Result "0-1"]
[WhiteElo "2288"]
[BlackElo "2186"]

1. d4 d5 2. c4 e6 3. Nc3 Nf6 4. cxd5 exd5 5. Bg5 Nbd7 6. e3 h6 7. Bh4 Be7 8. Bd3
O-O 9. Nf3 Re8 10. O-O c6 11. Qc2 Nf8 12. Rab1 N6h7 13. Bxe7 Qxe7 14. b4 Ng5 15.
Ne5 a6 16. a4 Qd6 17. Rfc1 Be6 18. f4 Ngh7 19. b5 cxb5 20. axb5 a5 21. Na4 Rec8
22. Qb3 b6 23. Nc6 Rc7 24. Nxb6 Re8 25. Na4 Rec8 26. Nc5 Bd7 27. Nxa5 Ne6 28.
Bxh7+ Kxh7 29. Qd3+ Kg8 30. Nab3 Be8 31. Nxe6 Rxc1+ 32. Nxc1 fxe6 33. Nb3 Rb8
34. Nc5 Qb6 35. Qg6 Bxg6 0-1

[Event "AUTO-MASTER-2331"]
[Site "http://www.queenalice.com/game.php?id=1372444"]
[Date "2015.7.20"]
[Round "1"]
[White "Michelangelo"]
[Black "leoarthur"]
[Result "1-0"]
[WhiteElo "1927"]
[BlackElo "2166"]

1. e4 e5 2. Nf3 Nc6 3. Bb5 a6 4. Ba4 d6 5. c3 Bg4 6. d4 b5 7. Bb3 Nf6 8. Bd5
Nxd5 9. exd5 Na5 10. O-O e4 11. Qe1 f5 12. Ng5 Qf6 13. Ne6 Kd7 14. Bg5 Qf7 15.
Nd2 h6 16. Be3 1-0

[Event "AUTO-MASTER-2331"]
[Site "http://www.queenalice.com/game.php?id=1372445"]
[Date "2015.7.20"]
[Round "1"]
[White "leoarthur"]
[Black "Michelangelo"]
[Result "0-1"]
[WhiteElo "2147"]
[BlackElo "1953"]

1. e4 e5 2. Nf3 Nf6 3. Nxe5 d6 4. Nf3 Nxe4 5. Nc3 Nxc3 6. dxc3 Be7 7. Be3 Nc6 8.
Bb5 Bd7 9. Qe2 O-O 10. O-O-O a6 11. Bd3 b5 12. Nd4 Re8 13. Be4 Nxd4 14. Bxd4 c6
15. f4 d5 0-1

[Event "AUTO-MASTER-2331"]
[Site "http://www.queenalice.com/game.php?id=1372458"]
[Date "2015.7.20"]
[Round "1"]
[White "alvm"]
[Black "leoarthur"]
[Result "1-0"]
[WhiteElo "1532"]
[BlackElo "2102"]

1. d4 d5 2. c4 e6 3. Nc3 Nf6 4. Bg5 Nbd7 5. cxd5 exd5 6. e3 Be7 7. Bd3 h6 8. Bh4
O-O 9. Nf3 c6 10. O-O Re8 11. Rc1 Ne4 12. Bxe7 Qxe7 13. Nd2 f5 14. Re1 Ndf6 15.
f3 Nd6 16. e4 fxe4 17. fxe4 Bg4 18. Qb3 Nb5 19. Nxb5 1-0

[Event "AUTO-MASTER-2331"]
[Site "http://www.queenalice.com/game.php?id=1372459"]
[Date "2015.7.20"]
[Round "1"]
[White "leoarthur"]
[Black "alvm"]
[Result "0-1"]
[WhiteElo "2072"]
[BlackElo "1639"]

1. e4 c6 2. d4 d5 3. e5 Bf5 4. g4 Bd7 5. c4 e6 6. Nc3 f6 7. Bf4 Na6 8. a3 c5 9.
cxd5 fxe5 10. Bxe5 exd5 11. Bxa6 bxa6 12. dxc5 Qe7 13. Qd4 Nf6 14. h3 O-O-O 15.
O-O-O Bc6 16. b4 Qe6 17. f4 Be7 18. Nf3 Rhg8 19. f5 Qf7 20. Ng5 Qe8 21. a4 Ne4
22. Ngxe4 dxe4 0-1

[Event "AUTO-MASTER-2331"]
[Site "http://www.queenalice.com/game.php?id=1372468"]
[Date "2015.7.20"]
[Round "1"]
[White "leoarthur"]
[Black "pizzaiolo72"]
[Result "1-0"]
[WhiteElo "2201"]
[BlackElo "2021"]

1. e4 c5 2. Nf3 g6 3. d4 cxd4 4. Qxd4 f6 5. Bb5 Nc6 6. Bxc6 bxc6 7. O-O Qb6 8.
Qc3 Bh6 9. Nbd2 Ba6 10. Re1 e5 11. Nxe5 O-O-O 12. Nf7 1-0

[Event "AUTO-MASTER-2331"]
[Site "http://www.queenalice.com/game.php?id=1372469"]
[Date "2015.7.20"]
[Round "1"]
[White "pizzaiolo72"]
[Black "leoarthur"]
[Result "1-0"]
[WhiteElo "2038"]
[BlackElo "2208"]

1. e4 e5 2. Nf3 Nc6 3. Bb5 d6 4. d4 a6 5. Bxc6+ bxc6 6. dxe5 Bg4 7. exd6 cxd6 8.
h3 Bh5 9. O-O Qc7 10. Bf4 f6 11. Nbd2 Be7 12. g4 Bf7 13. c4 g5 14. Bg3 h5 15. c5
hxg4 16. hxg4 Nh6 17. Nh2 Qd7 18. cxd6 Bxd6 19. Nb3 Bxb3 20. Qxd6 Be6 21. Rac1
Rc8 22. Rfd1 Nf7 23. Qa3 Qa7 24. Nf3 Bxg4 25. Rd3 Nd8 26. e5 Qh7 27. Nh2 f5 28.
f4 gxf4 29. Bxf4 1-0

[Event "AUTO-ELITE-1530"]
[Site "http://www.queenalice.com/game.php?id=1374387"]
[Date "2015.7.30"]
[Round "1"]
[White "leoarthur"]
[Black "pony"]
[Result "0-1"]
[WhiteElo "2120"]
[BlackElo "2316"]

1. e4 c5 2. Nf3 Nc6 3. d4 cxd4 4. Nxd4 g6 5. c4 Nf6 6. Nc3 d6 7. Be2 Nxd4 8.
Qxd4 Bg7 9. O-O O-O 10. f4 Ng4 11. Qd3 Qb6+ 12. Kh1 Nf2+ 13. Rxf2 Qxf2 14. Be3
Qh4 15. Rf1 Bg4 16. g3 Bxe2 17. Qxe2 Qf6 18. Nd5 Qxb2 19. Nxe7+ Kh8 20. Qxb2
Bxb2 21. Rb1 Bg7 22. Rxb7 Rfb8 23. Rd7 Rb2 24. Bxa7 Rxa2 25. Bg1 Ra1 26. Rxd6
Bf8 27. Rd7 Rc1 28. Kg2 Ra2+ 29. Bf2 Rcc2 30. Kh3 Rxf2 31. Nc6 f6 32. Rf7 Rxh2+
33. Kg4 h5+ 0-1

[Event "AUTO-ELITE-1530"]
[Site "http://www.queenalice.com/game.php?id=1374388"]
[Date "2015.7.30"]
[Round "1"]
[White "pony"]
[Black "leoarthur"]
[Result "1-0"]
[WhiteElo "2341"]
[BlackElo "2107"]

1. Nf3 Nf6 2. c4 e6 3. Nc3 d5 4. e3 c5 5. d4 Nc6 6. a3 dxc4 7. Bxc4 cxd4 8. exd4
Be7 9. O-O O-O 10. h3 b6 11. Be3 Bb7 12. Bd3 Rc8 13. Rc1 Bd6 14. Re1 Bb8 15. Bg5
Kh8 16. Bb1 h6 17. Bh4 Bf4 18. Rc2 g5 19. Bg3 Bxg3 20. fxg3 Rg8 21. Rf2 Rg7 22.
Ref1 Nh5 23. Ne5 Nxg3 24. Nxf7+ Rxf7 25. Rxf7 Nxf1 26. Qxf1 Qxd4+ 27. Kh1 Kg8
28. Rxb7 Qf4 29. Qxf4 gxf4 30. Ba2 Re8 31. Ne4 Kf8 32. h4 Re7 33. Rxe7 Nxe7 34.
Bxe6 Ng6 35. h5 Ne5 36. g3 Ke7 37. gxf4 Nd3 38. f5 Nxb2 39. Bb3 Nd3 40. f6+ Kf8
41. Kh2 Nf4 42. Kg3 Ne2+ 43. Kg4 Nd4 44. Ba2 a5 45. a4 1-0

[Event "AUTO-ELITE-1530"]
[Site "http://www.queenalice.com/game.php?id=1374389"]
[Date "2015.7.30"]
[Round "1"]
[White "leoarthur"]
[Black "Sacapiece"]
[Result "0-1"]
[WhiteElo "2180"]
[BlackElo "2250"]

1. e4 c5 2. Nf3 d6 3. d4 cxd4 4. Qxd4 Bd7 5. Bg5 Nc6 6. Qd2 g6 7. Nc3 Bg7 8. Bc4
Nf6 9. O-O-O b5 10. Bd3 Qa5 11. Kb1 Nb4 12. a3 Nxd3 13. cxd3 Rb8 14. Na2 Qa4 15.
Qb4 Qxb4 16. axb4 Be6 17. Rhe1 O-O 18. d4 Rfc8 19. h3 Bb3 20. Rd3 Bc2+ 0-1

[Event "AUTO-ELITE-1530"]
[Site "http://www.queenalice.com/game.php?id=1374390"]
[Date "2015.7.30"]
[Round "1"]
[White "Sacapiece"]
[Black "leoarthur"]
[Result "1-0"]
[WhiteElo "2289"]
[BlackElo "2114"]

1. e4 e5 2. Nf3 Nc6 3. Bb5 a6 4. Ba4 d6 5. c3 Bg4 6. h3 Bh5 7. O-O Nf6 8. d4 b5
9. Bb3 Be7 10. Be3 Qd7 11. a4 O-O 12. Nbd2 h6 13. d5 Na5 14. Bc2 c6 15. dxc6
Qxc6 16. Qb1 Nc4 17. Nxc4 bxc4 18. Nh4 Nh7 19. Nf5 Bd8 20. a5 Bg6 21. Ba4 Qc7
22. Bb6 Qb8 23. Bc6 Bxb6 24. axb6 Qxb6 25. Ne7+ Kh8 26. Nxg6+ fxg6 27. Bxa8 Rxa8
28. Ra4 Qc6 29. Qa2 Qxe4 30. Rxc4 Qd3 31. Rc7 Ng5 32. Qb3 Rg8 33. Rd1 Qe2 34.
Qd5 Qxb2 35. Qxd6 Ne4 36. Qxe5 Qxf2+ 37. Kh2 Ng5 38. Rd3 Qf1 39. Rg3 Qf2 40. h4
Nh7 41. Rxg6 Nf6 42. Qg3 Qxg3+ 43. Kxg3 a5 44. Ra7 a4 45. Kf3 Nd5 46. Rxa4 Nxc3
47. Ra7 Nd5 48. g4 Nf6 49. g5 hxg5 50. hxg5 Nh7 51. Kg4 Nf8 52. Rb6 Nh7 53. Rbb7
Nf8 54. Kh5 Nh7 55. Re7 Nf8 56. g6 Nxg6 57. Kxg6 Rf8 58. Ra6 Rb8 59. Rea7 1-0

[Event "AUTO-MASTER-2226"]
[Site "http://www.queenalice.com/game.php?id=1376496"]
[Date "2015.8.9"]
[Round "2"]
[White "leoarthur"]
[Black "vivafischer"]
[Result "0-1"]
[WhiteElo "2128"]
[BlackElo "2252"]

1. e4 e6 2. d4 d5 3. Nd2 Nf6 4. e5 Nfd7 5. f4 c5 6. c3 Nc6 7. Ndf3 c4 8. Ne2 b5
9. a3 Nb6 10. g4 h5 11. g5 g6 12. Nh4 Bd7 13. Qc2 Be7 14. Ng3 Qc7 15. Bh3 a5 16.
O-O Rg8 17. Bd2 Qb7 18. Rfb1 Kf8 19. Bf1 Kg7 20. b3 cxb3 21. Qxb3 Na7 22. a4 Nc4
23. Bxc4 dxc4 24. Qc2 Rgc8 25. axb5 Nxb5 26. Bc1 Qd5 27. Bb2 Bc6 28. Kf2 a4 29.
Ra2 a3 30. Bc1 Rc7 31. Bd2 Rb7 32. Ke3 Rab8 33. Rba1 Nc7 34. Bc1 Nb5 35. Bd2 Rd8
36. Qe4 Nc7 37. Qf3 Qxf3+ 38. Nxf3 Rb3 0-1

[Event "AUTO-MASTER-2226"]
[Site "http://www.queenalice.com/game.php?id=1376498"]
[Date "2015.8.9"]
[Round "2"]
[White "leoarthur"]
[Black "Poison"]
[Result "0-1"]
[WhiteElo "2129"]
[BlackElo "2507"]

1. e4 e5 2. Nf3 Nc6 3. Bc4 Nf6 4. d4 exd4 5. e5 d5 6. Bb5 Ne4 7. Nxd4 Bd7 8.
Nxc6 bxc6 9. Bd3 Qe7 10. Bxe4 Qxe5 11. O-O dxe4 12. Nc3 Bd6 13. f4 Qc5+ 14. Kh1
Bf5 15. Re1 O-O 16. Nxe4 Bxe4 17. Rxe4 Rfe8 18. Qd3 Qb4 19. Rxe8+ Rxe8 20. Bd2
Qxb2 21. Rg1 Qxa2 22. f5 Rb8 23. f6 a5 24. fxg7 a4 25. Qe4 Qd5 0-1